000
00288nam a22001337a 4500
008
180309b xxu||||| |||| 00| 0 eng d
020
_a
9780789480408
041
_a
eng
080
_a
616-053.2
100
_a
8
101
_a
PED
245
_a
The first years
_c
Reiner,R
942
_2
udc
_c
BK
999
_c
44604
_d
44604